Tvorba digitálneho prototypu v CAD programe v súlade s Product Lifecycle Management

Salvato in:
Dettagli Bibliografici
Autore principale: Šupík, Marián (Autore)
Altri autori: Bezák, Pavol (Relatore della tesi)
Natura: Manoscritto Libro
Lingua:slovacco
Pubblicazione: 2015
Soggetti:
Accesso online:http://is.stuba.sk/zp/portal_zp.pl?podrobnosti=121042
Tags: Aggiungi Tag
Nessun Tag, puoi essere il primo ad aggiungerne!!

MARC

LEADER 00000ntm a22000003a 4500
001 stuzp50158
003 SK-STU
005 20160719153456.1
007 ta
008 150427s2015----xo-----f-mn---000-0-slo-d
040 |a STU  |b slo 
041 0 |a slo 
100 1 |a Šupík, Marián  |u 066000  |4 aut  |U MTF Materiálovotechnologická fakulta  |T MTF Ústav aplikovanej informatiky, automatizácie a mechatroniky  |X 45733  |U M6000  |Y 86  |7 45733 
242 0 1 |a Creating digital prototypes in CAD program in accordance with Product Lifecycle Management  |y eng 
245 1 0 |a Tvorba digitálneho prototypu v CAD programe v súlade s Product Lifecycle Management 
260 |c 2015 
650 4 |a Digitálny prototyp  |2 slo 
650 4 |a Autodesk Inventor  |2 slo 
650 4 |a PLM  |2 slo 
650 4 |a Model  |2 slo 
650 4 |a Digital prototype  |2 eng 
650 4 |a Autodesk Inventor  |2 eng 
650 4 |a PLM  |2 eng 
650 4 |a Model  |2 eng 
700 1 |a Bezák, Pavol  |4 ths  |X 2805  |7 A000002805 
856 4 |u http://is.stuba.sk/zp/portal_zp.pl?podrobnosti=121042 
996 |c M* BP-7126  |l MMSKP  |s P  |a 0  |w stuzp50158_0001 
SQL |a stuzp50158  |b DBP  |c SLO  |d Tvorba digitálneho prototypu v CAD programe v súlade s Product Lifecycle Management  |e 45733  |f Šupík, Marián  |g 066000  |h 2805  |i Bezák, Pavol  |j 20150625  |k 168  |l 06  |m http://is.stuba.sk/zp/portal_zp.pl?podrobnosti=121042  |n B-AIA  |o 5.2.14. automatizácia, 9.2.9. aplikovaná informatika